000 00545 a2200169 4500
999 _c4258
_d4258
010 _aENG-86140
020 _a8174874550
_c650.00
035 _aEN-69673
037 _bDBAD / PUB
082 1 4 _a338.479103
100 1 _aVerma, Anjali
245 1 _aDictionary of Tourism /
_cby Anjali Verma
260 _aNew Delhi
_bRadha Publications
_c2006
270 _a423/1, Ansari Road, Daryaganj,
_bNew Delhi
_e110002
_k011-2347003, 011-23254306
_l91-011-23254306
300 _a212 p.
_c21cm. (Hb.)
942 _adpl
_cEN
_2ddc
_h338.479103
_mVER